| 000 | 00492nam a22001817a 4500 | ||
|---|---|---|---|
| 003 | OSt | ||
| 005 | 20140310181912.0 | ||
| 008 | 130713t xxu||||| |||| 00| 0 eng d | ||
| 050 |
_aHG 4521 _b.B416 1969 |
||
| 082 |
_aTR 332.67 _bB14 1969 |
||
| 245 |
_aInvestment principles and practices / _cRalph E. Badger |
||
| 260 |
_aNew York : _bGrun and Co., _cc1969. |
||
| 300 |
_axv, 748 p., _bill. _c20 cm. |
||
| 521 | _aFaculty | ||
| 541 | _j1 | ||
| 562 | _e1 | ||
| 942 |
_2lcc _cBK-TR _kTR |
||
| 999 |
_c6593 _d6593 |
||